000
00241nam a2200097Ia 4500
001
986118
005
20250826221055.0
008
250824s9999 xx 000 0 und d
245
0
_a
Gizemli Not: Hayalet Kulübü-1
_c
Aden Felah
260
_b
Romans
999
_c
986118
_d
986118